| Tag |
First Indicator |
Second Indicator |
Subfields |
| LEADER |
00000cam a2200000 4500 |
| 001 |
in00000782113 |
| 005 |
20231013202425.2 |
| 008 |
740312s1973 maua t 000 0 eng d |
| 035 |
|
|
|a (OCoLC)00827113
|
| 035 |
|
|
|9 ADL8584AM
|
| 040 |
|
|
|c TRL
|d OCL
|d TXA
|d UtOrBLW
|
| 043 |
|
|
|a n-usn--
|
| 049 |
1 |
|
|a TXA2
|
| 090 |
|
|
|a GC57.2
|b .M4 no. 73-5
|
| 092 |
|
|
|a 553.07
|b G
|
| 110 |
2 |
|
|a Massachusetts Institute of Technology.
|b Sea Grant Project Office.
|
| 245 |
1 |
4 |
|a The Georges Bank petroleum study /
|c by Massachusetts Institute of Technology, Offshore Oil Task Group.
|
| 264 |
|
1 |
|a Cambridge :
|b Massachusetts Institute of Technology,
|c 1973.
|
| 300 |
|
|
|a 3 volumes :
|b illustrations, graphs, tables ;
|c 28 cm.
|
| 336 |
|
|
|a text
|b txt
|2 rdacontent
|
| 337 |
|
|
|a unmediated
|b n
|2 rdamedia
|
| 338 |
|
|
|a volume
|b nc
|2 rdacarrier
|
| 490 |
1 |
|
|a Its Report ;
|v no. MITSG-73-5
|
| 500 |
|
|
|a Volume 3 is summary volume. Index number 73-305-Nme.
|
| 500 |
|
|
|a Sponsored by NOAA, Office of Sea Grant Programs, New England Regional Commission and New England River Basin Commission.
|
| 650 |
|
0 |
|a Petroleum
|z New England.
|
| 650 |
|
0 |
|a Real property
|z New England.
|
| 710 |
1 |
|
|a United States.
|b National Oceanic Atmospheric Administration.
|b Office of Sea Grant.
|
| 710 |
2 |
|
|a New England River Basins Commission.
|
| 710 |
2 |
|
|a Massachusetts Institute of Technology.
|b Offshore Oil Task Group.
|
| 830 |
|
0 |
|a MIT Sea Grant College Program report ;
|v no. MITSG-73-5.
|
| 856 |
4 |
1 |
|z Available freely from NOAA Institutional Repository
|u https://repository.library.noaa.gov/view/noaa/2940
|t 0
|
| 999 |
|
|
|a MARS
|
| 999 |
f |
f |
|s cfe3872d-c13a-38d0-af5a-8edbc1136a45
|i b2d3c25e-51e4-3c7c-9fac-e950ff498314
|t 0
|
| 952 |
f |
f |
|p ric
|a Texas A&M University
|b Rellis Campus
|c Joint Library Facility
|d Remote Storage
|t 0
|e GC57.2 .M4 no.73-5
|h Library of Congress classification
|i unmediated -- volume
|k v.2
|m A14811443323
|
| 952 |
f |
f |
|p ric
|a Texas A&M University
|b Rellis Campus
|c Joint Library Facility
|d Remote Storage
|t 0
|e GC57.2 .M4 no.73-5
|h Library of Congress classification
|i unmediated -- volume
|k v.1
|m A14811443276
|
| 952 |
f |
f |
|a Texas A&M University
|b College Station
|c Sterling C. Evans Library
|d Halbouty Reading Rm (Halbouty Bldg 173) (Does not check out)
|t 0
|e 553.07 G
|h Dewey Decimal classification
|
| 998 |
f |
f |
|a 553.07 G
|s v.1-v.3
|t 0
|l Halbouty Reading Rm (Halbouty Bldg 173) (Does not check out)
|
| 998 |
f |
f |
|a GC57.2 .M4 no.73-5
|s v.1-v.2
|t 0
|l Remote Storage
|